[Event "Championnat de France - Open D"]
[Site "NANCY"]
[Date "2013.08.21"]
[Round "9.5"]
[White "Adrian, Louise"]
[Black "Mohit-Rodriguez, Dario"]
[Result "0-1"]
[WhiteElo "1376"]
[BlackElo "1430"]
[PlyCount "97"]
[EventDate "2013.??.??"]

1. d4 d5 2. c4 e6 3. Nf3 c5 4. dxc5 Bxc5 5. Nc3 Qb6 6. e3 Ne7 7. cxd5 exd5 8.
Nxd5 Nxd5 9. Qxd5 Be6 10. Qd3 Nc6 11. Qb5 O-O 12. Qxb6 Bxb6 13. Bd2 Rac8 14.
Bb5 Bd5 15. Be2 Rfd8 16. Bc3 Ba5 17. O-O Bxc3 18. bxc3 Na5 19. Rfc1 Bc4 20. Bd1
Be6 21. Bc2 g6 22. Be4 b6 23. Nd4 Bd5 24. Bxd5 Rxd5 25. Rab1 Nc4 26. h3 Rdc5
27. Ne2 Rd8 28. Nd4 Rdc8 29. Ne2 Ra5 30. Ra1 Ra3 31. Rd1 Rc7 32. Rd3 Nb2 33.
Rd2 Na4 34. Nd4 a6 35. Ne2 Nxc3 36. Nxc3 Raxc3 37. Rd8+ Kg7 38. Ra8 Ra3 39. Rb8
b5 40. Rb6 Rc2 41. Rd1 Raxa2 42. Rf1 Rcb2 43. Rd6 a5 44. Rdd1 b4 45. Rb1 a4 46.
Ra1 b3 47. Kh2 a3 48. Rxa2 Rxa2 49. Rb1 0-1

[Event "Championnat de France - Open D"]
[Site "NANCY"]
[Date "2013.08.21"]
[Round "9.6"]
[White "Ottinger, Thomas"]
[Black "Natik-Spielmann, Noe"]
[Result "0-1"]
[WhiteElo "1399"]
[BlackElo "1370"]
[PlyCount "60"]
[EventDate "2013.??.??"]

1. d4 d5 2. Nf3 Nf6 3. e3 e6 4. b3 Nbd7 5. Bb2 Be7 6. Nbd2 O-O 7. Bd3 b6 8. c4
Ba6 9. Qc2 c6 10. e4 dxe4 11. Nxe4 Rc8 12. O-O-O Nxe4 13. Bxe4 Nf6 14. Bd3 h6
15. h4 c5 16. dxc5 Qc7 17. cxb6 axb6 18. Be5 Qb7 19. Ng5 b5 20. Ne4 bxc4 21.
Nxf6+ gxf6 22. Bh7+ Kh8 23. b4 fxe5 24. a3 f5 25. Bg6 e4 26. g4 Qc7 27. g5 Qf4+
28. Kb1 Rfd8 29. Qa4 Qxf2 30. Qxa6 c3 0-1

[Event "Championnat de France - Open D"]
[Site "NANCY"]
[Date "2013.08.21"]
[Round "9.7"]
[White "Ellis, Antoine"]
[Black "Venard, Gautier"]
[Result "0-1"]
[WhiteElo "1290"]
[BlackElo "1381"]
[PlyCount "64"]
[EventDate "2013.??.??"]

1. d4 d5 2. f4 Bf5 3. Nf3 Nc6 4. e3 e6 5. Bd3 Bg6 6. O-O Bd6 7. c3 Nf6 8. Ne5
O-O 9. Nd2 Nxe5 10. fxe5 Bxd3 11. Rf3 Bxe5 12. dxe5 Nd7 13. Rg3 Nxe5 14. Qh5
Qf6 15. Nf3 Nxf3+ 16. Rxf3 Be2 17. Rxf6 Bxh5 18. Rf4 g5 19. Rb4 b6 20. g4 Bg6
21. b3 h6 22. Bb2 f5 23. Kh1 fxg4 24. Rxg4 Rf3 25. Re1 Be4 26. Kg1 Raf8 27. c4
Rf2 28. Be5 c6 29. a3 Ra2 30. Bf4 Kh7 31. Bd6 Rff2 32. Rf1 Rg2+ 0-1

[Event "Championnat de France - Open D"]
[Site "NANCY"]
[Date "2013.08.21"]
[Round "9.8"]
[White "Courthaudon, Philippe"]
[Black "Gries, Denis"]
[Result "1-0"]
[WhiteElo "1499"]
[BlackElo "1435"]
[PlyCount "77"]
[EventDate "2013.??.??"]

1. b3 Nc6 2. Bb2 e6 3. e3 f6 4. d3 Nh6 5. Ne2 Be7 6. h3 O-O 7. g3 Nf7 8. Bg2 d5
9. Nd2 b6 10. a3 e5 11. O-O Rb8 12. c4 Be6 13. Qc2 Qd7 14. Kh2 f5 15. Rad1 Na5
16. Rfe1 c6 17. b4 Nb7 18. f4 e4 19. Nd4 Rbc8 20. Qc3 b5 21. Nxe6 Bf6 22. Nxf8
Bxc3 23. Nxd7 Bxb2 24. Nb1 Rd8 25. Rd2 Bxa3 26. Nxa3 Rxd7 27. cxb5 cxb5 28.
Nxb5 Nbd6 29. Nxd6 Nxd6 30. Ra1 Nb5 31. d4 Rc7 32. Bf1 Nd6 33. Kg2 Kf7 34. Rda2
Nc8 35. b5 Rc3 36. Kf2 Rb3 37. Be2 Ke7 38. Rc1 Kd7 39. Rac2 1-0

[Event "Championnat de France - Open D"]
[Site "NANCY"]
[Date "2013.08.21"]
[Round "9.9"]
[White "De Talance, Stephane"]
[Black "Dupont, Jonathan"]
[Result "1-0"]
[WhiteElo "1402"]
[BlackElo "1499"]
[PlyCount "51"]
[EventDate "2013.??.??"]

1. d4 d5 2. Nf3 e6 3. e3 c5 4. b3 Nc6 5. Bd3 Nf6 6. O-O Be7 7. Bb2 cxd4 8. exd4
O-O 9. a3 Qc7 10. Qe2 Re8 11. Nbd2 Bd7 12. Ne5 Bd6 13. f4 Rac8 14. Rf3 g6 15.
Rh3 Re7 16. Qe1 Ne8 17. Qh4 f6 18. Bxg6 fxe5 19. fxe5 Nxe5 20. Bxh7+ Kf8 21.
dxe5 Bc5+ 22. Kh1 Rf7 23. Bg6 Rf2 24. Qh8+ Ke7 25. Rh7+ Kd8 26. Bxe8 1-0

[Event "Championnat de France - Open D"]
[Site "NANCY"]
[Date "2013.08.21"]
[Round "9.10"]
[White "Bertru, Yann-Erik"]
[Black "Gehin, Raphael"]
[Result "0-1"]
[WhiteElo "1470"]
[BlackElo "1217"]
[PlyCount "100"]
[EventDate "2013.??.??"]

1. e4 e5 2. Nf3 Nc6 3. d4 exd4 4. Bc4 d6 5. O-O Bg4 6. h3 Bxf3 7. Qxf3 Ne5 8.
Qb3 Nxc4 9. Qxc4 c5 10. Re1 Qd7 11. b4 b5 12. Qd5 Rc8 13. e5 Qe6 14. Qxe6+ fxe6
15. exd6 Bxd6 16. bxc5 Bxc5 17. Bb2 Kf7 18. Re4 Nf6 19. Re5 Rhd8 20. Nd2 Rd5
21. Rxd5 exd5 22. Nb3 Bb6 23. Bxd4 Rxc2 24. Bxb6 axb6 25. Nd4 Rc5 26. Rb1 b4
27. Nf5 Rc2 28. Rxb4 Rc1+ 29. Kh2 Nd7 30. Rb2 Rd1 31. Ne3 Rd3 32. Kg1 Ke6 33.
Re2 g6 34. Nc4+ Kf6 35. Nd6 Rd1+ 36. Kh2 d4 37. Ne4+ Kf5 38. Rd2 Rxd2 39. Nxd2
b5 40. Kg1 Nc5 41. Kf1 h5 42. Ke2 Ke5 43. Kf3 Kf5 44. Kg3 Ne4+ 45. Nxe4 Kxe4
46. f4 d3 47. Kf2 Kxf4 48. g3+ Ke4 49. a3 g5 50. h4 g4 0-1

[Event "Championnat de France - Open D"]
[Site "NANCY"]
[Date "2013.08.22"]
[Round "10.1"]
[White "Couve, Mathieu"]
[Black "Navrotescu, Vlad-Andrei"]
[Result "1-0"]
[WhiteElo "1425"]
[BlackElo "1383"]
[PlyCount "147"]
[EventDate "2013.??.??"]

1. e4 c5 2. Nf3 Nc6 3. d4 cxd4 4. Nxd4 e5 5. Nb5 a6 6. Nd6+ Bxd6 7. Qxd6 Qf6 8.
Qxf6 Nxf6 9. Nc3 d5 10. exd5 Nb4 11. Bd3 Nxd3+ 12. cxd3 Bf5 13. Bg5 Bxd3 14.
Bxf6 gxf6 15. Kd2 Bg6 16. Rhe1 Kd7 17. Na4 Kd6 18. Rac1 Rhc8 19. Rxc8 Rxc8 20.
Nc3 b5 21. a3 Rc4 22. f3 Rd4+ 23. Kc1 f5 24. Re3 f6 25. g3 Bf7 26. Ne2 Rc4+ 27.
Nc3 Bxd5 28. Rd3 Rd4 29. Rxd4 exd4 30. Ne2 Ke5 31. f4+ Ke4 32. Kd2 Bc4 33. Nc1
Kf3 34. b3 Bf1 35. Ke1 Kg2 36. h3 a5 37. g4 fxg4 38. hxg4 d3 39. g5 fxg5 40. f5
a4 41. f6 d2+ 42. Kxd2 axb3 43. Nd3 Bxd3 44. Kxd3 b2 45. Kc2 g4 46. f7 g3 47.
f8=Q Kg1 48. Qc5+ Kh1 49. Qh5+ Kg1 50. Qxh7 g2 51. Kxb2 Kf1 52. Qg6 g1=Q 53.
Qxg1+ Kxg1 54. Kb3 Kf2 55. Kb4 Ke3 56. Kxb5 Kd4 57. a4 Kd5 58. Kb6 Kd6 59. a5
Kd7 60. Kb7 Kd6 61. a6 Kc5 62. a7 Kc4 63. a8=Q Kc3 64. Qd8 Kc4 65. Kb6 Kb4 66.
Qd5 Ka4 67. Kc5 Ka3 68. Kc4 Kb2 69. Qd3 Ka1 70. Qd1+ Kb2 71. Kd3 Ka3 72. Kc3
Ka2 73. Qb3+ Ka1 74. Qb2# 1-0

[Event "Championnat de France - Open D"]
[Site "NANCY"]
[Date "2013.08.22"]
[Round "10.2"]
[White "Mohit-Rodriguez, Dario"]
[Black "Mautin, Arthur"]
[Result "1-0"]
[WhiteElo "1430"]
[BlackElo "1468"]
[PlyCount "82"]
[EventDate "2013.??.??"]

1. e4 c6 2. d4 d5 3. Nc3 dxe4 4. Nxe4 Bf5 5. Ng3 Bg6 6. h4 h6 7. Nf3 Nd7 8. h5
Bh7 9. Bd3 Bxd3 10. Qxd3 e6 11. Bd2 Ngf6 12. Ne4 Qc7 13. O-O-O Nxe4 14. Qxe4
Nf6 15. Qe2 O-O-O 16. Ne5 Bd6 17. Bf4 Nd5 18. Bh2 Rhe8 19. Kb1 Qb6 20. Qc4 Bxe5
21. Bxe5 f6 22. Bg3 e5 23. dxe5 fxe5 24. Rhe1 Rd7 25. c3 e4 26. Bf4 Nxf4 27.
Rxd7 Kxd7 28. Qf7+ Kd8 29. Qxf4 Qc5 30. Qb8+ Kd7 31. Qxb7+ Kd6 32. Rd1+ Ke6 33.
Qd7+ Kf6 34. Qxe8 Qc4 35. Qg6+ Ke5 36. Qxg7+ Kf5 37. g4+ Kf4 38. Qxh6+ Kf3 39.
Qe3+ Kxg4 40. Rg1+ Kf5 41. Qg5+ Ke6 1-0

[Event "Championnat de France - Open D"]
[Site "NANCY"]
[Date "2013.08.22"]
[Round "10.3"]
[White "Bellahcene, Anissa"]
[Black "Venard, Gautier"]
[Result "0-1"]
[WhiteElo "1470"]
[BlackElo "1381"]
[PlyCount "98"]
[EventDate "2013.??.??"]

1. e4 e6 2. d4 d5 3. Nc3 Bb4 4. a3 Bxc3+ 5. bxc3 dxe4 6. Qg4 Nf6 7. Qxg7 Rg8 8.
Qh6 Rg6 9. Qd2 b6 10. Ne2 Bb7 11. Bb2 Nbd7 12. Nf4 Rg8 13. c4 Qe7 14. Ne2 O-O-O
15. O-O-O Ng4 16. Nf4 e5 17. Nh3 exd4 18. Qxd4 Ndf6 19. Qc3 Rxd1+ 20. Kxd1 Rd8+
21. Kc1 e3 22. Bd3 Bxg2 23. Re1 Bxh3 24. fxe3 Nd7 25. Bf5 h5 26. Qd4 Nf2 27.
Bxh3 Nxh3 28. Qd5 Ng5 29. Qa8+ Nb8 30. Qg2 Qd7 31. Bf6 Qd2+ 32. Qxd2 Rxd2 33.
Kxd2 Ne4+ 34. Kd3 Nxf6 35. Rf1 Nbd7 36. e4 Kd8 37. Rf5 Ke7 38. a4 Nc5+ 39. Ke3
Nxa4 40. h3 h4 41. e5 Nd7 42. Rh5 Nac5 43. Kd4 Ne6+ 44. Ke4 Ndc5+ 45. Ke3 Ng7
46. Rh7 Nf5+ 47. Kf4 Ke6 48. Rh5 Ne7 49. Kg4 Ng6 0-1

[Event "Championnat de France - Open D"]
[Site "NANCY"]
[Date "2013.08.22"]
[Round "10.4"]
[White "Natik-Spielmann, Noe"]
[Black "Lopez, Charles"]
[Result "1-0"]
[WhiteElo "1370"]
[BlackElo "1428"]
[PlyCount "61"]
[EventDate "2013.??.??"]

1. e4 c6 2. d4 d5 3. e5 Bf5 4. Nf3 e6 5. Be2 h6 6. O-O Ne7 7. c3 Ng6 8. h3 c5
9. g4 Be4 10. Be3 Nh4 11. Nbd2 Be7 12. Nxh4 Bxh4 13. Nxe4 dxe4 14. dxc5 Nd7 15.
Bb5 g5 16. Re1 Qc7 17. Qxd7+ Qxd7 18. Bxd7+ Kxd7 19. Rad1+ Kc7 20. Bd4 h5 21.
Rxe4 hxg4 22. hxg4 Rh7 23. Be3 Rah8 24. Kf1 Rf8 25. b4 f5 26. exf6 Rxf6 27. Rd6
Bg3 28. Rdxe6 Rh1+ 29. Kg2 Rh2+ 30. Kxg3 Rxe6 31. Rxe6 1-0

[Event "Championnat de France - Open D"]
[Site "NANCY"]
[Date "2013.08.22"]
[Round "10.5"]
[White "Saint-Sulpice, Xavier"]
[Black "Courthaudon, Philippe"]
[Result "0-1"]
[WhiteElo "1460"]
[BlackElo "1499"]
[PlyCount "63"]
[EventDate "2013.??.??"]

1. d4 g6 2. c4 Bg7 3. Bf4 d6 4. Nf3 e6 5. Nc3 Nd7 6. e3 b6 7. Be2 Bb7 8. O-O
Ne7 9. e4 h6 10. Qd2 g5 11. Be3 a6 12. Ne1 c5 13. f4 Qc7 14. Bh5 Nf6 15. Bf3 g4
16. e5 gxf3 17. exf6 Bxf6 18. Nxf3 O-O-O 19. Qf2 Nf5 20. d5 Rhg8 21. Rfd1 Rg4
22. Kf1 Rdg8 23. g3 Qe7 24. Ne4 Bh8 25. Rd3 e5 26. Re1 Nxe3+ 27. Qxe3 exf4 28.
Qd2 Qd7 29. Kf2 f5 30. Nc3 fxg3+ 31. hxg3 f4 32. Nh2 0-1

[Event "Championnat de France - Open D"]
[Site "NANCY"]
[Date "2013.08.22"]
[Round "10.6"]
[White "Gehin, Raphael"]
[Black "Kneib, Bernard"]
[Result "1/2-1/2"]
[WhiteElo "1217"]
[BlackElo "1486"]
[PlyCount "63"]
[EventDate "2013.??.??"]

1. d4 f5 2. Nf3 e6 3. Bg5 Nf6 4. Nbd2 Be7 5. e3 O-O 6. Bd3 d6 7. Qe2 Nbd7 8. c3
Qe8 9. O-O-O b6 10. Bc4 d5 11. Bd3 c5 12. Ne5 Nxe5 13. dxe5 Ne4 14. Bxe7 Qxe7
15. h4 Bd7 16. Nf1 Be8 17. h5 h6 18. f3 Ng5 19. f4 Ne4 20. Bxe4 dxe4 21. g4
fxg4 22. Qxg4 Kh7 23. Ng3 g6 24. hxg6+ Bxg6 25. Qh3 Qg7 26. Rd6 Rae8 27. Rhd1
Re7 28. Rxe6 Rxe6 29. Qxe6 Bf7 30. Qf5+ Bg6 31. Qe6 Bf7 32. Qf5+ 1/2-1/2

[Event "Championnat de France - Open D"]
[Site "NANCY"]
[Date "2013.08.22"]
[Round "10.7"]
[White "Lim, Nicolas"]
[Black "De Talance, Stephane"]
[Result "1-0"]
[WhiteElo "1380"]
[BlackElo "1402"]
[PlyCount "131"]
[EventDate "2013.??.??"]

1. d4 d5 2. c4 e6 3. Nf3 Nf6 4. Nc3 Be7 5. Bf4 O-O 6. e3 c5 7. cxd5 Nxd5 8. Bg3
Qa5 9. Qc2 cxd4 10. Nxd4 Bb4 11. Nde2 Bd7 12. a3 Rc8 13. Rc1 Bxc3+ 14. Nxc3
Nxc3 15. Qd2 Nc6 16. Rxc3 Rd8 17. b4 Qg5 18. Rd3 Be8 19. Be2 Rxd3 20. Qxd3 Rd8
21. Qc4 Qf5 22. O-O Qd5 23. Qxd5 Rxd5 24. Rd1 Ne7 25. Rxd5 Nxd5 26. Bf3 Bc6 27.
Be5 f6 28. Bd4 a6 29. Kf1 Ne7 30. Ke2 Kf7 31. Bxc6 Nxc6 32. Bc5 Ne5 33. f4 Nc4
34. a4 b5 35. axb5 axb5 36. Kd3 g6 37. Kd4 Ke8 38. e4 e5+ 39. fxe5 fxe5+ 40.
Kd5 Kd7 41. Bf2 Ke7 42. g4 h5 43. g5 Kd7 44. h4 Ke7 45. Bg3 Ne3+ 46. Kxe5 Nc2
47. Kd5 Nxb4+ 48. Kc5 Nd3+ 49. Kxb5 Ke6 50. Kc6 Ne5+ 51. Bxe5 Kxe5 52. Kd7 Kxe4
53. Ke6 Kf4 54. Kf6 Kg4 55. Kxg6 Kxh4 56. Kf5 Kg3 57. g6 h4 58. g7 h3 59. g8=Q+
Kf2 60. Qa2+ Kg3 61. Qb3+ Kg2 62. Qc2+ Kg1 63. Qd1+ Kg2 64. Qe2+ Kg1 65. Qg4+
Kh2 66. Kf4 1-0

[Event "Championnat de France - Open D"]
[Site "NANCY"]
[Date "2013.08.22"]
[Round "10.8"]
[White "Frederic, Christine"]
[Black "Perrin, Thomas"]
[Result "0-1"]
[WhiteElo "1466"]
[BlackElo "1352"]
[PlyCount "72"]
[EventDate "2013.??.??"]

1. e4 c5 2. Nc3 e6 3. f4 d5 4. Nf3 Nc6 5. Bb5 a6 6. Bxc6+ bxc6 7. d3 Nf6 8. O-O
Qc7 9. Qe1 Be7 10. Qg3 O-O 11. e5 Nh5 12. Qg4 g6 13. g3 f6 14. Bd2 Qb6 15. Rab1
a5 16. Nh4 Kg7 17. Ne2 Ba6 18. Be3 f5 19. Qf3 Qd8 20. Ng2 Rb8 21. b3 Rb7 22. a4
Qc7 23. Bd2 Qb6 24. c4 Qc7 25. Kh1 Rfb8 26. g4 fxg4 27. Qxg4 Kf7 28. Nh4 Bxh4
29. Qxh4 Rxb3 30. Rxb3 Rxb3 31. Ng3 Nxg3+ 32. hxg3 Kg8 33. Qf6 Qf7 34. Qd8+ Qf8
35. Qxa5 Rb2 36. Bc1 Qh6+ 0-1

[Event "Championnat de France - Open D"]
[Site "NANCY"]
[Date "2013.08.22"]
[Round "10.9"]
[White "Decuigniere, Tom"]
[Black "Blondel, Francis"]
[Result "1/2-1/2"]
[WhiteElo "1430"]
[BlackElo "1489"]
[PlyCount "98"]
[EventDate "2013.??.??"]

1. e4 c5 2. d4 cxd4 3. c3 Nf6 4. e5 Nd5 5. Nf3 e6 6. cxd4 Be7 7. Bd3 Nc6 8. O-O
Qb6 9. Be4 O-O 10. Bxd5 exd5 11. Nc3 Qa5 12. Qb3 d6 13. Nxd5 Qd8 14. Re1 dxe5
15. Nxe7+ Qxe7 16. dxe5 Be6 17. Qc2 h6 18. a3 Rac8 19. Qa4 Rfd8 20. Be3 b6 21.
Rac1 Qb7 22. Rc3 b5 23. Qe4 Bd5 24. Qg4 Bxf3 25. Qxf3 Qd7 26. Qg3 Nd4 27. f3
Nf5 28. Qg4 Rxc3 29. bxc3 Nxe3 30. Qxd7 Rxd7 31. Rxe3 Kf8 32. Kf2 Rd2+ 33. Re2
Rd7 34. Re4 Rc7 35. Re3 Rc4 36. Rd3 Ra4 37. Rd5 a6 38. Rd6 Rxa3 39. g4 Ke7 40.
f4 Rxc3 41. Rxa6 b4 42. Rb6 b3 43. f5 Rc2+ 44. Kg3 Rc5 45. Rxb3 Rxe5 46. Kf4
Rc5 47. h4 Rc4+ 48. Kg3 Re4 49. Kf3 Rc4 1/2-1/2

[Event "Championnat de France - Open D"]
[Site "NANCY"]
[Date "2013.08.22"]
[Round "10.10"]
[White "Capone, Florian"]
[Black "Ottinger, Thomas"]
[Result "0-1"]
[WhiteElo "1467"]
[BlackElo "1399"]
[PlyCount "65"]
[EventDate "2013.??.??"]

1. e4 c5 2. c4 Nc6 3. Nc3 g6 4. f4 e6 5. Nf3 Bh6 6. d3 Nge7 7. Be2 d5 8. e5 Nd4
9. Nxd4 cxd4 10. Nb5 O-O 11. Nxd4 dxc4 12. dxc4 Qa5+ 13. Qd2 Qb6 14. Qe3 a6 15.
Nf5 Qa5+ 16. Bd2 Nxf5 17. Qh3 Qb6 18. g4 Bxf4 19. Bxf4 Nd4 20. Qc3 Nxe2 21.
Kxe2 Qc6 22. Rhg1 Qe4+ 23. Be3 Rd8 24. Rad1 Rxd1 25. Kxd1 Qb1+ 26. Ke2 Qe4 27.
h3 Bd7 28. Kf2 Rc8 29. Qa5 Bc6 30. Rg3 Qxc4 31. b3 Qd5 32. Qc3 Qh1 33. Qe1 0-1

[Event "Championnat de France - Open D"]
[Site "NANCY"]
[Date "2013.08.23"]
[Round "11.1"]
[White "Venard, Gautier"]
[Black "Couve, Mathieu"]
[Result "1/2-1/2"]
[WhiteElo "1381"]
[BlackElo "1425"]
[PlyCount "106"]
[EventDate "2013.??.??"]

1. e4 c5 2. d4 cxd4 3. c3 Nf6 4. e5 Nd5 5. Qxd4 e6 6. Nf3 Nc6 7. Qe4 f5 8. exf6
Nxf6 9. Qd3 Be7 10. Be2 d5 11. Bf4 Bd6 12. Bg5 Be7 13. O-O Qc7 14. a3 a6 15. c4
Ne5 16. Nxe5 Qxe5 17. Bxf6 Bxf6 18. Nc3 d4 19. Ne4 O-O 20. Rad1 Rd8 21. Rfe1
Qf5 22. Nxf6+ Qxf6 23. Bf3 Rb8 24. Re4 e5 25. Qe2 Re8 26. Rdxd4 Bf5 27. Re3 e4
28. Rd1 exf3 29. Rxe8+ Kf7 30. Qxf3 Rxe8 31. Qh5+ Qg6 32. Qf3 Qf6 33. Qxb7+ Qe7
34. Qxe7+ Rxe7 35. Kf1 Ke8 36. c5 Rd7 37. Rxd7 Kxd7 38. Ke2 Kc6 39. b4 a5 40.
Kd2 axb4 41. axb4 Kb5 42. Kc3 g6 43. f3 Be6 44. g4 g5 45. Kd4 Kxb4 46. c6 Kb5
47. c7 Kc6 48. Ke5 Bd7 49. Kf6 Kxc7 50. Kxg5 Kd6 51. Kh6 Ke5 52. Kxh7 Kf4 53.
Kh6 Bxg4 1/2-1/2

[Event "Championnat de France - Open D"]
[Site "NANCY"]
[Date "2013.08.23"]
[Round "11.2"]
[White "Navrotescu, Vlad-Andrei"]
[Black "Mohit-Rodriguez, Dario"]
[Result "1-0"]
[WhiteElo "1383"]
[BlackElo "1430"]
[PlyCount "85"]
[EventDate "2013.??.??"]

1. d4 d5 2. c4 e6 3. Nf3 c5 4. cxd5 exd5 5. Nc3 Be6 6. Bf4 Nc6 7. e3 c4 8. Be2
Qb6 9. Rb1 Bf5 10. Nxd5 Qa5+ 11. Nc3 Bxb1 12. Qxb1 Bb4 13. O-O b5 14. Qe4+ Nge7
15. Nd5 Rc8 16. a3 Bxa3 17. bxa3 Qxa3 18. Nc7+ Rxc7 19. Bxc7 O-O 20. d5 Nd8 21.
Ng5 Ng6 22. Bh5 Qa6 23. d6 Qc6 24. Bxg6 fxg6 25. Bxd8 Qxe4 26. Nxe4 Rxd8 27.
Ra1 Rd7 28. Ra5 c3 29. Nxc3 Rxd6 30. Rxb5 Rb6 31. Rxb6 axb6 32. Kf1 Kf7 33. Ke2
Ke6 34. Kd3 Ke5 35. Kc4 g5 36. Kb5 h5 37. Kxb6 g4 38. Kc5 g5 39. g3 h4 40. gxh4
gxh4 41. Kc4 Kf5 42. Kd4 Kg5 43. Ke4 1-0

[Event "Championnat de France - Open D"]
[Site "NANCY"]
[Date "2013.08.23"]
[Round "11.3"]
[White "Courthaudon, Philippe"]
[Black "Natik-Spielmann, Noe"]
[Result "0-1"]
[WhiteElo "1499"]
[BlackElo "1370"]
[PlyCount "164"]
[EventDate "2013.??.??"]

1. g3 e5 2. Bg2 d5 3. e3 Bf5 4. Ne2 c6 5. d3 Qc8 6. h3 g6 7. b3 Bg7 8. Bb2 Ne7
9. Nd2 O-O 10. g4 Be6 11. c4 f5 12. f3 Na6 13. Qc2 Rf7 14. O-O-O Qd8 15. a3 Qb6
16. e4 fxe4 17. dxe4 d4 18. Kb1 Nc5 19. Nc1 a5 20. Nd3 Bh6 21. Nxe5 Rff8 22.
Bxd4 Bxd2 23. Rxd2 Qxb3+ 24. Qxb3 Nxb3 25. Rd3 Rad8 26. Rhd1 Rxd4 27. Rxd4 Nxd4
28. Rxd4 g5 29. Rd6 Bf7 30. Nxf7 Kxf7 31. c5 Rc8 32. Kc2 Rc7 33. Bf1 Ng6 34.
Kb3 Ne5 35. Be2 b5 36. cxb6 Rb7 37. Rh6 Rxb6+ 38. Kc2 Kg7 39. Re6 Ng6 40. Re8
Nf4 41. Bf1 a4 42. Bc4 Nxh3 43. Ra8 Ng1 44. Rxa4 Nxf3 45. Rb4 Rxb4 46. axb4 Kf6
47. Be2 Nd4+ 48. Kd3 Nxe2 49. Kxe2 Ke5 50. Kd3 Kf4 51. e5 Kxe5 52. Kc4 Kf4 53.
Kc5 Kxg4 54. Kxc6 h5 55. b5 h4 56. b6 h3 57. b7 h2 58. b8=Q h1=Q+ 59. Kc5 Qc1+
60. Kd5 Qd2+ 61. Ke6 Qe3+ 62. Kd5 Qd3+ 63. Ke6 Qe4+ 64. Kd7 Qd5+ 65. Ke7 Qe4+
66. Kd7 Qf5+ 67. Kc6 Kh3 68. Qb3+ Kg2 69. Qb2+ Kg3 70. Qd2 Qf3+ 71. Kd7 g4 72.
Qe1+ Kh3 73. Qe6 Kg2 74. Qa2+ Kf1 75. Qb1+ Ke2 76. Qc2+ Ke1 77. Qh2 g3 78. Qb2
g2 79. Qe5+ Qe2 80. Qg3+ Kd2 81. Qg5+ Kd1 82. Qg3 Qb5+ 0-1

[Event "Championnat de France - Open D"]
[Site "NANCY"]
[Date "2013.08.23"]
[Round "11.4"]
[White "Mautin, Arthur"]
[Black "Lim, Nicolas"]
[Result "1-0"]
[WhiteElo "1468"]
[BlackElo "1380"]
[PlyCount "83"]
[EventDate "2013.??.??"]

1. d4 d5 2. c4 e6 3. Nc3 Nf6 4. Bg5 Nbd7 5. e3 c6 6. Nf3 Be7 7. Bd3 O-O 8. O-O
b6 9. cxd5 exd5 10. Rc1 Bb7 11. Qc2 Rc8 12. Ne5 g6 13. f4 Ng4 14. Bxe7 Qxe7 15.
Nxg4 f5 16. Ne5 c5 17. Qe2 c4 18. Bc2 Nf6 19. Rf3 Qe6 20. Rcf1 Ne4 21. Ba4 Rc7
22. Rc1 a6 23. h4 b5 24. Bc2 h5 25. Nxe4 dxe4 26. Rg3 Rg7 27. b3 Bd5 28. Qd1
Rc8 29. bxc4 Bxc4 30. Bb3 Bxb3 31. Rxc8+ Qxc8 32. Qxb3+ Kh7 33. Kh2 Qe8 34. Qb4
Qe6 35. Qa3 Qe8 36. d5 Qd8 37. Rg5 Qxd5 38. Nxg6 Rxg6 39. Qe7+ Kh6 40. Qf8+ Kh7
41. Rxh5+ Rh6 42. Rxh6# 1-0

[Event "Championnat de France - Open D"]
[Site "NANCY"]
[Date "2013.08.23"]
[Round "11.5"]
[White "Perrin, Thomas"]
[Black "Kneib, Bernard"]
[Result "1-0"]
[WhiteElo "1352"]
[BlackElo "1486"]
[PlyCount "137"]
[EventDate "2013.??.??"]

1. e4 c5 2. Nc3 d6 3. f4 Nc6 4. Nf3 g6 5. Bb5 Bd7 6. Bxc6 Bxc6 7. d3 Bg7 8. O-O
e6 9. Qe1 Ne7 10. Qh4 h6 11. Kh1 Ng8 12. Qh3 Bd7 13. Nh4 Bf6 14. Nf3 Ne7 15.
Bd2 Qb6 16. Rab1 O-O-O 17. Ne2 Rdg8 18. Bc3 e5 19. Qg3 Nc6 20. fxe5 dxe5 21.
Nxe5 Bxe5 22. Bxe5 Nxe5 23. Qxe5 Be6 24. Rf6 g5 25. a3 Qa5 26. Nc3 Qc7 27.
Qxc7+ Kxc7 28. Nd5+ Kd6 29. Rbf1 Ke5 30. R1f2 Kd6 31. Ne3 Kd7 32. Nf5 h5 33.
Nh6 Rf8 34. Nxf7 Bxf7 35. Rxf7+ Rxf7 36. Rxf7+ Kc6 37. Rg7 g4 38. Rg5 b6 39.
Kg1 Kd6 40. Rf5 h4 41. Kf2 Ke6 42. Ke3 Rh7 43. Kf4 Rg7 44. Rg5 Rf7+ 45. Rf5 Rg7
46. Rh5 h3 47. gxh3 gxh3 48. Rxh3 Rg2 49. c3 Rxb2 50. d4 Rb3 51. d5+ Kd6 52.
Rh6+ Kd7 53. e5 Rxc3 54. Rh7+ Ke8 55. d6 Rd3 56. Re7+ Kd8 57. Kf5 c4 58. Ke6 c3
59. Rc7 a5 60. a4 Rh3 61. Kd5 Rxh2 62. Rxc3 Rd2+ 63. Kc6 Re2 64. Kd5 Rd2+ 65.
Ke6 Rd4 66. Rf3 Ke8 67. Rh3 Kf8 68. d7 Kg7 69. Ke7 1-0

[Event "Championnat de France - Open D"]
[Site "NANCY"]
[Date "2013.08.23"]
[Round "11.6"]
[White "Ottinger, Thomas"]
[Black "Bellahcene, Anissa"]
[Result "0-1"]
[WhiteElo "1399"]
[BlackElo "1470"]
[PlyCount "72"]
[EventDate "2013.??.??"]

1. d4 d5 2. Nf3 Nf6 3. e3 c6 4. Bd3 e6 5. b3 Nbd7 6. Bb2 Be7 7. Nbd2 a6 8. O-O
O-O 9. Re1 b6 10. c4 dxc4 11. Nxc4 Bb7 12. Nce5 Qc7 13. Rc1 Rad8 14. Qc2 c5 15.
Red1 Qb8 16. Nxd7 Rxd7 17. Ne5 Rc7 18. f3 Rfc8 19. Qe2 Nd5 20. a3 cxd4 21. Rxc7
Qxc7 22. Bxd4 Nc3 23. Bxc3 Qxc3 24. f4 Qxb3 25. Bxh7+ Kf8 26. Kh1 Bf6 27. Nd7+
Ke7 28. Qd2 Bd5 29. Nxf6 Kxf6 30. Qd4+ Ke7 31. e4 Rc4 32. Qd2 Rc2 33. Qb4+ Qxb4
34. axb4 Bc6 35. e5 Rxg2 36. Bb1 Rg4+ 0-1

[Event "Championnat de France - Open D"]
[Site "NANCY"]
[Date "2013.08.23"]
[Round "11.7"]
[White "Fornes, Paul"]
[Black "Joly, Audrey"]
[Result "1/2-1/2"]
[WhiteElo "1443"]
[BlackElo "1415"]
[PlyCount "33"]
[EventDate "2013.??.??"]

1. d4 d5 2. Nf3 Nf6 3. e3 e6 4. Nbd2 Be7 5. Bd3 Nbd7 6. O-O O-O 7. c3 c6 8. e4
dxe4 9. Nxe4 c5 10. Qe2 cxd4 11. Nxd4 Re8 12. Rd1 Qc7 13. Nb5 Qc6 14. Nd4 Qc7
15. Nb5 Qc6 16. Nd4 Qc7 17. Nb5 1/2-1/2

[Event "Championnat de France - Open D"]
[Site "NANCY"]
[Date "2013.08.23"]
[Round "11.8"]
[White "Coiffait, Claire-Alix"]
[Black "Ellis, Antoine"]
[Result "1-0"]
[WhiteElo "1436"]
[BlackElo "1290"]
[PlyCount "111"]
[EventDate "2013.??.??"]

1. d4 d6 2. Nf3 Nf6 3. e3 Nbd7 4. Nbd2 e5 5. Bc4 Be7 6. c3 O-O 7. Qc2 c6 8.
dxe5 dxe5 9. O-O Qc7 10. Rd1 b5 11. Be2 Bb7 12. Ne4 Rfd8 13. c4 Nxe4 14. Qxe4
c5 15. Qc2 b4 16. b3 Bf6 17. Bb2 e4 18. Bxf6 Nxf6 19. Ng5 h6 20. Nh3 g5 21. Qb2
Rd6 22. Rxd6 Qxd6 23. Rd1 Qe7 24. Kh1 g4 25. Nf4 Rd8 26. Rxd8+ Qxd8 27. Qe5 Qb6
28. Nh5 Nxh5 29. Qxh5 Qf6 30. Qxg4+ Kh7 31. Bd1 Qxf2 32. Qe2 Qxe2 33. Bxe2 Kg6
34. Kg1 Bc6 35. Kf2 a5 36. Kg3 Kg5 37. Bg4 f5 38. Be2 Be8 39. h4+ Kf6 40. Kf4
Bd7 41. g4 Kg6 42. gxf5+ Bxf5 43. Bg4 Bxg4 44. Kxg4 Kf6 45. Kf4 h5 46. Kxe4 Ke6
47. Kf4 Kf6 48. e4 Ke6 49. e5 Ke7 50. Kf5 Kf7 51. Kg5 Kg7 52. Kxh5 Kh7 53. Kg5
Kg7 54. e6 Kf8 55. Kf6 Ke8 56. e7 1-0